000
00290nam a22001337a 4500
003
SGT
020
_a
9780333904251
082
_a
954.03
_b
SAR
100
_a
SARKAR , SUMIT
245
_a
MODERN INDIA 1885-1947
260
_a
GURGAON
_b
MACMILLAN
_c
2013
300
_a
XIV , 486
942
_2
ddc
_c
BK
999
_c
19768
_d
19768